[Event "Agneaux St Lo op 15th"]
[Site "Agneaux"]
[Date "2013.07.08"]
[Round "3"]
[White "Van den Hoeven, Carsten"]
[Black "Banzea, Alexandru Bogdan"]
[Result "0-1"]
[WhiteElo "1257"]
[BlackElo "1856"]
[PlyCount "24"]
[EventDate "2013.07.07"]
[EventType "swiss"]
[EventRounds "9"]
[EventCountry "FRA"]
[SourceTitle "EXT 2014"]
[Source "ChessBase"]
[SourceDate "2013.11.20"]
[SourceVersion "1"]
[SourceVersionDate "2013.11.20"]
[SourceQuality "1"]

1. e4 c5 2. f4 Nc6 3. Nf3 e6 4. d3 d5 5. Be3 Nf6 6. Nc3 d4 7. e5 Nd7 8. Bxd4 cxd4 9. Nb5 Qa5+ 10. c3 Qxb5 11. Qc2 dxc3 12. Qxc3 Bb4 0-1